Peace operations / (Record no. 15997)
[ view plain ]
| 000 -LEADER | |
|---|---|
| fixed length control field | 02364nam a2200277 a 4500 |
| 001 - CONTROL NUMBER | |
| control field | ASIN0745642063 |
| 005 - DATE AND TIME OF LATEST TRANSACTION | |
| control field | 20170105102929.0 |
| 008 - FIXED-LENGTH DATA ELEMENTS--GENERAL INFORMATION | |
| fixed length control field | 140115s2008 xxu eng d |
| 020 ## - INTERNATIONAL STANDARD BOOK NUMBER | |
| International Standard Book Number | 0745642063 (hardcover) |
| Terms of availability | $59.95 |
| 020 ## - INTERNATIONAL STANDARD BOOK NUMBER | |
| International Standard Book Number | 9780745642062 (hardcover) |
| 040 ## - CATALOGING SOURCE | |
| Original cataloging agency | 0 |
| 050 04 - LIBRARY OF CONGRESS CALL NUMBER | |
| Classification number | JZ5538 |
| 082 04 - DEWEY DECIMAL CLASSIFICATION NUMBER | |
| Classification number | 327.172 |
| Author Mark | DIE 2008 |
| 100 1# - MAIN ENTRY--PERSONAL NAME | |
| Personal name | Diehl, Paul F. |
| 245 10 - TITLE STATEMENT | |
| Title | Peace operations / |
| Statement of responsibility, etc. | Paul F. Diehl. |
| 250 ## - EDITION STATEMENT | |
| Edition statement | 1st ed. |
| 260 ## - PUBLICATION, DISTRIBUTION, ETC. | |
| Place of publication, distribution, etc. | [S.l.] : |
| Name of publisher, distributor, etc. | Polity, |
| Date of publication, distribution, etc. | 2008. |
| 300 ## - PHYSICAL DESCRIPTION | |
| Extent | 188 p. ; |
| Dimensions | 21 cm. |
| 490 1# - SERIES STATEMENT | |
| Series statement | Wcmw - war and conflict in the modern world. |
| 520 ## - SUMMARY, ETC. | |
| Summary, etc. | Peacekeeping has gradually evolved to encompass a broad range of different conflict management missions and techniques, which are incorporated under the term "peace operations." Well over 100 missions have been deployed, the vast majority within the last twenty years. This book provides an overview of the central issues surrounding the development, operation, and effectiveness of peace operations. Among many features, the book: * Traces the historical development of peace operations from their origins in the early 20th century through the development of modern peacebuilding missions. * Tracks changes over time in the size, mission, and organization of peace operations. * Analyses different organizational, financial, and troop provisions for peace operations, as well as assessing alternatives. * Lays out criteria for evaluating peace operations and details the conditions under which such operations are successful. As peace operations become the primary mechanism of conflict management used by the UN and regional organizations, understanding their problems and potential is essential for a more secure world. Drawing on a wide range of examples from those between Israel and her neighbors to more recent operations in Somalia and the Congo, this book brings together the body of scholarly research on peace operations to address those concerns. It will be an indispensable guide for students, practitioners and general readers wanting to broaden their knowledge of the possibilities and limits of peace operations today. |
| 650 #0 - SUBJECT ADDED ENTRY--TOPICAL TERM | |
| Topical term or geographic name entry element | Peace-building |
| 650 #0 - SUBJECT ADDED ENTRY--TOPICAL TERM | |
| Topical term or geographic name entry element | Peacekeeping forces |
| 830 #0 - SERIES ADDED ENTRY--UNIFORM TITLE | |
| Uniform title | Wcmw - war and conflict in the modern world. |
| 856 40 - ELECTRONIC LOCATION AND ACCESS | |
| Materials specified | Amazon.com |
| Uniform Resource Identifier | <a href="http://www.amazon.com/exec/obidos/ASIN/0745642063/chopaconline-20">http://www.amazon.com/exec/obidos/ASIN/0745642063/chopaconline-20</a> |
| 942 ## - ADDED ENTRY ELEMENTS (KOHA) | |
| Source of classification or shelving scheme | |
| Koha item type | Book |
| Withdrawn status | Lost status | Damaged status | Not for loan | Collection code | Permanent Location | Current Location | Shelving location | Date acquired | Total Checkouts | Full call number | Barcode | Date last seen | Price effective from | Koha item type |
|---|---|---|---|---|---|---|---|---|---|---|---|---|---|---|
| Centre for International Peace & Stability (CIPS) | Centre for International Peace & Stability (CIPS) | General Stacks | 11/21/2013 | 327.172 DIE 2008 | CIPS0002469 | 01/15/2014 | 01/15/2014 | Book |
